00606nam a2200181Ia 4500008004100000082001700041100001500058245003100073250000800104260002500112300001300137500002400150650001600174942000700190952010600197952010600303999001500409230524s9999 xx 000 0 und d a621.382bSHA aS.P.Sharma 0aBasic Radio and Television a2ND aNEW DELHIbTMHc2003 aXXIV;700 aQuantity Number: 2 aElectronics cBK 00104070aTATCLbTATCLcGENd2023-05-24l0o621.382 SHAp1471r2023-05-24w2023-05-24yBKzPEEC5303 00104070aTATCLbTATCLcGENd2023-05-24l0o621.382 SHAp1472r2023-05-24w2023-05-24yBKzPEEC5303 c4472d4472